| 000 | 00442nam a22001457a 4500 | ||
|---|---|---|---|
| 008 | 230405b |||||||| |||| 00| 0 eng d | ||
| 040 |
_aNational Science Library _cNational Science Library |
||
| 080 |
_aD 061.6(540)(047.1) _bJ4 |
||
| 245 |
_aBoard of scientific & industrial research: _bA review _c/ CSIR |
||
| 260 |
_aNew Delhi: _bCSIR, _c1954 |
||
| 300 | _a235p. | ||
| 650 | _aResearch | ||
| 653 | _aResearch station | ||
| 942 |
_2udc _cREF |
||
| 999 |
_c18213 _d18213 |
||